000 00566nam a2200181Ia 4500
001 11556
005 20260306162836.0
008 260306t1997||||xx |||||||||||||| ||spa||
041 _aESP
082 _a985.08
_bP43A
100 _aCongreso de la República del Perú
_eAUT
245 0 _aEl Perú en los albores del siglo XXI:
_bCiclo de conferencias 1996/1997 Mayer/ Rostworowski/ Macera/ Trazegnies/ Lanssiers/ Cisneros/ Westphalen, Cabieses/ Cazorla/ Heraud
260 _c1997
300 _a
_c
650 _aGEN
654 _aCHU
942 _cLIB
_dJUS
_fJUS
_2ddc
_n
999 _c11556
_d11556